| 000 | 00511 a2200169 4500 | ||
|---|---|---|---|
| 999 |
_c194 _d194 |
||
| 008 | 220322b ||||| |||| 00| 0 eng d | ||
| 020 | _a9781408112113 | ||
| 082 | 0 | 0 |
_a623.85 _bE532 |
| 100 | _aEmbleton, William | ||
| 245 |
_aInstruments and control systems for deck officers / _cby William Embleton and Thomas D. Morton |
||
| 250 | _a5th ed. | ||
| 260 |
_aLondon: _bAdlard Coles Nautical, _c2016. |
||
| 300 | _a240 p. | ||
| 650 | 0 | _aNautical instruments | |
| 700 |
_9932 _aMorton, Thomas D. |
||
| 942 |
_2ddc _cBK |
||